| 000 | 01346nam a2200229Ia 4500 | ||
|---|---|---|---|
| 003 | Ost | ||
| 005 | 20260507075751.0 | ||
| 008 | 260507s9999||||xx |||||||||||||| ||und|| | ||
| 040 | _cfsecg | ||
| 041 | _aara | ||
| 082 | _a657.04 | ||
| 100 |
_aبوعبانة، فتيحة _eمؤلف |
||
| 245 | 0 |
_aدور معايير المحاسبة الدولية للقطاع العام (IPSAS) في تطوير المحاسبة العمومية : _bدراسة تجارب دولية / _c فتيحة بوعبانة |
|
| 260 |
_aالجزائر: _bدار أجيال الرقمي , _c2023 |
||
| 300 |
_a202 صفحة؛ _bإيضاحات ؛ _c24 سم |
||
| 504 | _aببليوغرافيا: ص ص.189-198 | ||
| 520 | _aيتطرق هذا الكتاب الى ماهية المحاسبة العمومية، معايير محاسبية دولية للقطاع العام IPSAS، مجلس معايير المحاسبية الدولية للقطاع العام، عرض معايير المحاسبية الدولية للقطاع العام، تجارب دول عربية وأجنبية في اصلاح المحاسبة العمومية وفق أساس الاستحقاق والمعايير الدولية. | ||
| 653 | _aالمحاسبة الدولية | ||
| 653 | _aالمحاسبة العمومية | ||
| 653 | _aمعايير المحاسبة | ||
| 942 | _cكتاب | ||
| 999 |
_c46224 _d46224 |
||